000 00349pab a2200121 454500
008 180718b xxu||||| |||| 00| 0 eng d
100 _aKrishan, Avtar
245 _aCurrent trends of international crime and police cooperation in combating the same
650 _a Police
650 _aCrime
773 _aPolice Research and Development
909 _a23603
999 _c23603
_d23603